[Event "Venice Autumn op 08th"]
[Site "Venice"]
[Date "2002.10.??"]
[Round "2"]
[White "Viola, Matteo"]
[Black "Ronchetti, Niccolo"]
[Result "0-1"]
[WhiteElo "1913"]
[BlackElo "2233"]
[PlyCount "118"]
[EventDate "2002.10.31"]
[EventType "swiss"]
[EventRounds "6"]
[EventCountry "ITA"]
[SourceTitle "EXT 2023"]
[Source "ChessBase"]
[SourceDate "2022.10.05"]
[SourceVersion "1"]
[SourceVersionDate "2022.10.05"]
[SourceQuality "1"]

1. e4 c5 2. f4 d5 3. e5 Bf5 4. d3 e6 5. Nf3 Nc6 6. g3 Be7 7. Bg2 Qb6 8. 0-0 h5 9. h3 0-0-0 10. c3 Nh6 11. d4 cxd4 12. cxd4 Bxb1 13. Rxb1 Nf5 14. Kh2 Ncxd4 15. Nxd4 Qxd4 16. Qxd4 Nxd4 17. Be3 Nc6 18. Rfd1 Kd7 19. a3 a6 20. b4 Rb8 21. Bb6 Rhc8 22. Rbc1 g6 23. g4 hxg4 24. hxg4 Bd8 25. Bc5 b6 26. Be3 Rb7 27. Bf1 Nb8 28. a4 Be7 29. Rxc8 Kxc8 30. Rc1+ Kd7 31. Bd2 b5 32. axb5 axb5 33. Kg3 Nc6 34. Be2 Kc7 35. Rh1 Kb6 36. Rh7 Bxb4 37. Bxb4 Nxb4 38. f5 gxf5 39. gxf5 exf5 40. Bxb5 Kxb5 41. e6 d4 42. Rxf7 Rb8 43. Rxf5+ Kc6 44. Re5 Re8 45. Kf4 Kd6 46. Kf5 Rf8+ 47. Ke4 Nc6 48. Rh5 Kxe6 49. Rh6+ Rf6 50. Rh5 Rg6 51. Rc5 Rg4+ 52. Kf3 Ne5+ 53. Ke2 Kf5 54. Rc1 Ke4 55. Re1 d3+ 56. Kd1+ Kd4 57. Kc1 Nc4 58. Rh1 Kc3 59. Kd1 Nb2+ 0-1

[Event "SEMI W-ch4 LG sf-B (Hage mem) email"]
[Site "SEMI email"]
[Date "2002.02.01"]
[Round "?"]
[White "Malmstroem, Jan"]
[Black "Viola, Matteo"]
[Result "0-1"]
[WhiteElo "2200"]
[BlackElo "2393"]
[PlyCount "118"]
[EventDate "2002.02.01"]
[EventType "tourn (corr)"]
[EventRounds "8"]
[EventCountry "ITA"]
[SourceTitle "Corr 2008"]
[Source "ChessBase"]
[SourceDate "2008.06.24"]
[SourceVersion "1"]
[SourceVersionDate "2008.06.24"]
[SourceQuality "1"]

1. e4 e5 2. Nf3 f5 3. Nxe5 Qf6 4. d4 d6 5. Nc4 fxe4 6. Nc3 Qg6 7. f3 exf3 8. Qxf3 Nc6 9. d5 Nb4 10. Ne3 Nf6 11. a3 Na6 12. Bd3 Qh5 13. Qxh5+ Nxh5 14. 0-0 Be7 15. b4 Nf6 16. Bd2 0-0 17. Rae1 Bd8 18. Nf5 Ng4 19. Ne7+ Bxe7 20. Rxe7 Rxf1+ 21. Kxf1 Kf8 22. Bg5 h6 23. Bg6 Bd7 24. Rf7+ Kg8 25. Rxd7 hxg5 26. Bd3 Rf8+ 27. Kg1 Re8 28. Ne4 Ne5 29. Nxd6 cxd6 30. Rxb7 Nxd3 31. cxd3 Re1+ 32. Kf2 Ra1 33. b5 Nc5 34. Rxa7 Nxd3+ 35. Kf3 Nc5 36. Kg4 Ra2 37. g3 Rxh2 38. Kxg5 Kh7 39. a4 Rb2 40. Kf5 Rb4 41. g4 Nxa4 42. g5 Nb6 43. g6+ Kh6 44. Ra1 Rh4 45. Ke6 Rd4 46. Kxd6 Nxd5 47. Rg1 Rd2 48. Kc5 Ne7 49. Rb1 Rc2+ 50. Kd4 Kxg6 51. b6 Nc6+ 52. Kd3 Rf2 53. b7 Nb8 54. Ke3 Rf6 55. Ke4 Kf7 56. Ke5 Ke8 57. Rg1 Rf7 58. Rb1 Kd8 59. Rb2 Kc7 0-1

[Event "SEMI Winckelmann Reimer Gambit fin2 ema"]
[Site "SEMI email"]
[Date "2001.05.10"]
[Round "2.1"]
[White "Viola, Matteo"]
[Black "Marcotulli, Giancarlo"]
[Result "1-0"]
[WhiteElo "2393"]
[BlackElo "2411"]
[PlyCount "37"]
[EventDate "2001.05.??"]
[EventType "tourn (corr)"]
[EventRounds "6"]
[EventCountry "ITA"]
[SourceTitle "Corr 2008"]
[Source "ChessBase"]
[SourceDate "2008.06.24"]
[SourceVersion "1"]
[SourceVersionDate "2008.06.24"]
[SourceQuality "1"]

1. e4 e6 2. d4 d5 3. Nc3 Bb4 4. a3 Bxc3+ 5. bxc3 dxe4 6. f3 h5 7. Nh3 e5 8. Ng5 exf3 9. Qxf3 Qe7 10. Bc4 Nh6 11. 0-0 f6 12. Qxh5+ Kd8 13. Ne4 Nd7 14. Re1 b6 15. Ng3 Bb7 16. Nf5 Qf8 17. Bxh6 gxh6 18. Qh4 c6 19. dxe5 1-0

[Event "SEMI Dutch Leningrad fin email"]
[Site "SEMI email"]
[Date "2001.03.15"]
[Round "?"]
[White "Zill, Christoph"]
[Black "Viola, Matteo"]
[Result "1-0"]
[WhiteElo "2270"]
[BlackElo "2393"]
[PlyCount "75"]
[EventDate "2001.03.15"]
[EventType "tourn (corr)"]
[EventRounds "9"]
[EventCountry "ITA"]
[SourceTitle "Corr 2008"]
[Source "ChessBase"]
[SourceDate "2008.06.24"]
[SourceVersion "1"]
[SourceVersionDate "2008.06.24"]
[SourceQuality "1"]

1. d4 f5 2. g3 Nf6 3. Bg2 d6 4. Nf3 g6 5. 0-0 Bg7 6. c4 0-0 7. Nc3 Nc6 8. d5 Ne5 9. Nxe5 dxe5 10. e4 f4 11. gxf4 exf4 12. e5 Ng4 13. e6 Ne5 14. Re1 Nxc4 15. Re4 Nd6 16. Rxf4 Nf5 17. Qg4 c6 18. Be4 Kh8 19. Bxf5 gxf5 20. Rxf5 Rxf5 21. Qxf5 cxd5 22. Bg5 Qg8 23. Re1 Bxc3 24. bxc3 h6 25. f4 hxg5 26. fxg5 Kg7 27. Re3 d4 28. cxd4 Qf8 29. Qe4 Qg8 30. Qe5+ Kf8 31. Rf3+ Ke8 32. Rh3 Bxe6 33. Rh8 Kf7 34. Rxg8 Rxg8 35. d5 Bh3 36. Kf2 b5 37. Kg3 Bc8 38. h4 1-0

[Event "Mestre Sociale-ch"]
[Site "Mestre "]
[Date "2001.03.13"]
[Round "10"]
[White "Viola, Matteo"]
[Black "Zangrando, Gianpietro"]
[Result "1/2-1/2"]
[WhiteElo "1898"]
[BlackElo "1650"]
[PlyCount "139"]
[EventDate "2001.01.15"]
[EventType "swiss"]
[EventRounds "10"]
[EventCountry "ITA"]
[SourceTitle "EXT 2005"]
[Source "ChessBase"]
[SourceDate "2004.11.15"]
[SourceVersion "1"]
[SourceVersionDate "2004.11.15"]
[SourceQuality "1"]

1. d4 d5 2. Nc3 Bf5 3. e4 dxe4 4. f3 e3 5. Bxe3 Nf6 6. Bc4 e6 7. g4 Bg6 8. h4 h5 9. g5 Nd5 10. Nxd5 exd5 11. Bd3 Qe7 12. Qd2 Bxd3 13. Qxd3 Nc6 14. c3 0-0-0 15. 0-0-0 Na5 16. Nh3 Qd7 17. f4 Qa4 18. Kb1 Nc4 19. Bc1 Qb5 20. Ka1 Kb8 21. Rhe1 Qd7 22. f5 Nd6 23. Re5 Ne4 24. c4 c6 25. cxd5 cxd5 26. Bf4 Ka8 27. Rc1 f6 28. Re6 Rc8 29. Rxc8+ Qxc8 30. Qc2 Bb4 31. Qb3 Bd2 32. Bxd2 Nxd2 33. Qd1 Ne4 34. g6 Qc7 35. Qg1 Rc8 36. a3 Qc4 37. Qd1 a6 38. Nf4 Ng3 39. Re3 Qc1+ 40. Qxc1 Rxc1+ 41. Ka2 Nxf5 42. Re8+ Ka7 43. Nxh5 Nxh4 44. Re7 Rg1 45. Rxg7 Rxg6 46. Rxg6 Nxg6 47. Nxf6 Ne7 48. Nd7 Nc6 49. Nf6 Nxd4 50. Nxd5 b5 51. b4 Kb7 52. Kb2 Kc6 53. Ne3 Kd6 54. Kc3 Ke5 55. Ng4+ Ke4 56. Nf2+ Ke5 57. Nd3+ Kd5 58. Nc5 Ne2+ 59. Kd2 Nd4 60. Nxa6 Kc4 61. Nc7 Nb3+ 62. Kc2 Na1+ 63. Kb2 Nb3 64. Nxb5 Nd2 65. Nc7 Ne4 66. Ne6 Nd6 67. Nc5 Nb5 68. Ne4 Nd4 69. Nd2+ Kb5 70. Kc3 1/2-1/2

[Event "Mestre Sociale-ch"]
[Site "Mestre "]
[Date "2001.??.??"]
[Round "2"]
[White "Tonolo, Maurizio"]
[Black "Viola, Matteo"]
[Result "0-1"]
[WhiteElo "1500"]
[BlackElo "1898"]
[PlyCount "58"]
[EventDate "2001.01.15"]
[EventType "swiss"]
[EventRounds "10"]
[EventCountry "ITA"]
[SourceTitle "EXT 2005"]
[Source "ChessBase"]
[SourceDate "2004.11.15"]
[SourceVersion "1"]
[SourceVersionDate "2004.11.15"]
[SourceQuality "1"]

1. Nf3 f5 2. d4 g6 3. c4 Bg7 4. g3 d6 5. Nc3 Nf6 6. Bg2 0-0 7. 0-0 Nc6 8. d5 Ne5 9. Nxe5 dxe5 10. Qb3 h6 11. e3 g5 12. c5 Kh8 13. Rd1 Ne8 14. Qa3 f4 15. exf4 exf4 16. b4 f3 17. Bf1 Bf5 18. Be3 Qc8 19. Rac1 Bh3 20. Kh1 Qg4 21. Nb5 Bxf1 22. Rxf1 Qh3 23. Rg1 Nf6 24. Rc4 Nxd5 25. Qc1 c6 26. Nd4 e5 27. Nc2 Nf4 28. Bxf4 gxf4 29. g4 Bf6 0-1

[Event "SEMI Dutch Leningrad-B theme"]
[Site "SEMI email"]
[Date "2000.09.20"]
[Round "?"]
[White "Viola, Matteo"]
[Black "Zill, Christoph"]
[Result "1-0"]
[WhiteElo "2295"]
[BlackElo "2284"]
[PlyCount "111"]
[EventDate "2000.09.20"]
[EventType "tourn (corr)"]
[EventRounds "6"]
[EventCountry "ITA"]
[SourceTitle "Corr 2008"]
[Source "ChessBase"]
[SourceDate "2008.06.24"]
[SourceVersion "1"]
[SourceVersionDate "2008.06.24"]
[SourceQuality "1"]

1. d4 f5 2. g3 Nf6 3. Bg2 d6 4. Nf3 g6 5. 0-0 Bg7 6. c4 0-0 7. Nc3 Qe8 8. Qb3 c6 9. d5 Na6 10. Be3 Ng4 11. Bf4 Nc5 12. Qc2 e5 13. dxe6 Ne5 14. Rad1 Qe7 15. b3 Nxe6 16. Bc1 f4 17. Ba3 Nxf3+ 18. exf3 Nd4 19. Qe4 Qf6 20. Ne2 Nxe2+ 21. Qxe2 Rd8 22. Rd2 Bh6 23. Rfd1 Bf8 24. Bb2 Qf7 25. Qe4 g5 26. Qd4 Bg7 27. Qxg7+ Qxg7 28. Bxg7 Kxg7 29. Rxd6 Rxd6 30. Rxd6 Bf5 31. g4 Bb1 32. Rd7+ Kf6 33. Rxb7 Bxa2 34. Bf1 Ke5 35. Bd3 h6 36. Be4 Kd6 37. Rh7 Kc5 38. Rxh6 Rc8 39. Rg6 Bxb3 40. Rxg5+ Kb4 41. Rg6 a5 42. Bxc6 a4 43. Bxa4 Bxa4 44. Rf6 Rxc4 45. h4 Kc5 46. g5 Rd4 47. g6 Bb3 48. h5 Rd5 49. h6 Rg5+ 50. Kf1 Bc4+ 51. Ke1 Bg8 52. g7 Re5+ 53. Kd2 Rd5+ 54. Kc3 Bh7 55. Rf8 Rd3+ 56. Kb2 1-0

[Event "SEMI Dutch Leningrad-B theme"]
[Site "SEMI email"]
[Date "2000.09.20"]
[Round "?"]
[White "Zill, Christoph"]
[Black "Viola, Matteo"]
[Result "0-1"]
[WhiteElo "2284"]
[BlackElo "2295"]
[PlyCount "136"]
[EventDate "2000.09.20"]
[EventType "tourn (corr)"]
[EventRounds "6"]
[EventCountry "ITA"]
[SourceTitle "Corr 2008"]
[Source "ChessBase"]
[SourceDate "2008.06.24"]
[SourceVersion "1"]
[SourceVersionDate "2008.06.24"]
[SourceQuality "1"]

1. d4 f5 2. g3 Nf6 3. Bg2 d6 4. Nf3 g6 5. 0-0 Bg7 6. c4 0-0 7. Nc3 Nc6 8. d5 Ne5 9. Nxe5 dxe5 10. b4 e4 11. Qb3 e6 12. Bb2 a5 13. Rad1 axb4 14. Qxb4 exd5 15. Nxd5 Nxd5 16. Rxd5 Qe8 17. Bxg7 Kxg7 18. Rfd1 Be6 19. Ra5 Rxa5 20. Qxa5 Qf7 21. Rc1 b6 22. Qc3+ Qf6 23. f3 Qxc3 24. Rxc3 exf3 25. Bxf3 Rd8 26. Bd5 Kf6 27. Kf2 h6 28. h4 g5 29. a3 Rd6 30. hxg5+ hxg5 31. e4 Bxd5 32. exd5 Ke5 33. Rd3 Ke4 34. Re3+ Kd4 35. Re7 Kxc4 36. Rxc7+ Kxd5 37. Rg7 g4 38. Ke3 Ke5 39. Re7+ Kf6 40. Rb7 Re6+ 41. Kd4 f4 42. gxf4 g3 43. Rb8 Kf5 44. Rf8+ Kg4 45. f5 Rg6 46. Ke3 Rg5 47. f6 Kf5 48. Rd8 g2 49. Rd1 Kxf6 50. Rg1 Ke5 51. Kf2 Kd4 52. Rd1+ Kc4 53. Kg1 b5 54. Rd8 Kc5 55. Rb8 Rg3 56. Ra8 Kb6 57. Rb8+ Ka6 58. Ra8+ Kb7 59. Ra5 Kb6 60. Ra8 Rg6 61. Rc8 Ka5 62. Ra8+ Ra6 63. Rd8 Ka4 64. Rd3 Rc6 65. Kxg2 Rc2+ 66. Kf1 Ra2 67. Ke1 Rxa3 68. Rd5 Rc3 0-1

[Event "Eclipse-Acede m corr"]
[Site "Eclipse email"]
[Date "2000.07.01"]
[Round "?"]
[White "Jacomet Cadaya, Salvi"]
[Black "Viola, Matteo"]
[Result "0-1"]
[WhiteElo "1995"]
[BlackElo "2309"]
[PlyCount "72"]
[EventDate "2000.??.??"]
[EventType "match (corr)"]
[EventRounds "2"]
[SourceTitle "Corr 2004"]
[Source "ChessBase"]
[SourceDate "2003.04.28"]
[SourceVersion "3"]
[SourceVersionDate "2003.04.28"]
[SourceQuality "1"]

1. e4 e5 2. Nf3 Nc6 3. Bc4 Nf6 4. d4 exd4 5. 0-0 Nxe4 6. Re1 d5 7. Nc3 dxc3 8. Bxd5 Be6 9. Bxe4 Qxd1 10. Rxd1 cxb2 11. Bxb2 f6 12. Re1 Kf7 13. a4 Bc5 14. Rab1 Ba2 15. Rbd1 Rad8 16. h3 Rhe8 17. Rxd8 Nxd8 18. h4 g6 19. h5 Re6 20. g4 Nc6 21. Kg2 Ne7 22. Bd4 Bxd4 23. Nxd4 Rxe4 24. Rxe4 Bd5 25. f3 Bxe4 26. fxe4 a6 27. Ne2 Nc6 28. Nc1 Ne5 29. Kg3 c5 30. Ne2 g5 31. Nc1 Nc4 32. Kf2 Ke6 33. Nd3 Kd6 34. Ke2 Ne5 35. Nf2 Kc6 36. Kd2 Kb6 0-1

[Event "SEMI Marshall theme2 email"]
[Site "SEMI email"]
[Date "2000.06.15"]
[Round "?"]
[White "Viola, Matteo"]
[Black "O'Hara, Matthew D"]
[Result "1/2-1/2"]
[WhiteElo "2226"]
[BlackElo "2200"]
[PlyCount "74"]
[EventDate "2000.06.15"]
[EventType "tourn (corr)"]
[EventRounds "4"]
[EventCountry "ITA"]
[SourceTitle "Corr 2008"]
[Source "ChessBase"]
[SourceDate "2008.06.24"]
[SourceVersion "1"]
[SourceVersionDate "2008.06.24"]
[SourceQuality "1"]

1. e4 e5 2. Nf3 Nc6 3. Bb5 a6 4. Ba4 Nf6 5. 0-0 Be7 6. Re1 b5 7. Bb3 0-0 8. c3 d5 9. exd5 Nxd5 10. Nxe5 Nxe5 11. Rxe5 c6 12. d3 Bd6 13. Re1 Qh4 14. g3 Qh3 15. Re4 Qf5 16. Nd2 Qg6 17. Re1 f5 18. c4 f4 19. Ne4 fxg3 20. fxg3 Bg4 21. Qc2 bxc4 22. dxc4 Rae8 23. cxd5 Bf3 24. dxc6+ Kh8 25. Bf4 Bxf4 26. Nc5 Qg5 27. Qf2 Bxg3 28. hxg3 Qh5 29. Qh2 Qxc5+ 30. Qf2 Qxc6 31. Rxe8 Qxe8 32. Rf1 Rf6 33. Qa7 Bc6 34. Qd4 a5 35. Qd3 Rxf1+ 36. Qxf1 Qe7 37. Bc4 Qc5+ 1/2-1/2

[Event "Master Chess Tourn 1st email"]
[Site "Eclipse email"]
[Date "2000.05.20"]
[Round "6"]
[White "Sidenko, Anatoly Viktorovich"]
[Black "Viola, Matteo"]
[Result "0-1"]
[WhiteElo "2200"]
[BlackElo "2295"]
[PlyCount "50"]
[EventDate "2000.??.??"]
[EventType "tourn (corr)"]
[EventRounds "12"]
[SourceTitle "Corr 2004"]
[Source "ChessBase"]
[SourceDate "2003.04.28"]
[SourceVersion "3"]
[SourceVersionDate "2003.04.28"]
[SourceQuality "1"]

1. e4 e5 2. Nf3 Nc6 3. Bb5 a6 4. Ba4 Nf6 5. 0-0 Be7 6. Re1 b5 7. Bb3 0-0 8. c3 d5 9. exd5 Nxd5 10. Nxe5 Nxe5 11. Rxe5 c6 12. Re1 Bd6 13. d4 Qh4 14. g3 Qh3 15. a4 Bg4 16. Qd3 Rae8 17. Be3 Nf4 18. Qf1 Qh5 19. Bd1 Nh3+ 20. Kg2 Bxd1 21. Rxd1 f5 22. Rd3 f4 23. Bxf4 Rxf4 24. f3 Rf6 25. Nd2 Rh6 0-1

[Event "SEMI Perenyi Attack theme-1 corr"]
[Site "SEMI email"]
[Date "2000.??.??"]
[Round "?"]
[White "Capoccia, Angelo Antonio"]
[Black "Viola, Matteo"]
[Result "0-1"]
[WhiteElo "2103"]
[BlackElo "2294"]
[PlyCount "104"]
[EventDate "2000.02.15"]
[EventType "tourn (corr)"]
[EventRounds "6"]
[EventCountry "ITA"]
[SourceTitle "Corr 2008"]
[Source "ChessBase"]
[SourceDate "2008.06.24"]
[SourceVersion "1"]
[SourceVersionDate "2008.06.24"]
[SourceQuality "1"]

1. e4 c5 2. Nf3 d6 3. d4 cxd4 4. Nxd4 Nf6 5. Nc3 a6 6. Be3 e6 7. g4 d5 8. g5 Nxe4 9. Nxe4 dxe4 10. Qg4 Qa5+ 11. c3 Be7 12. h4 Bd7 13. Qxe4 Nc6 14. Nb3 Qe5 15. Bg2 Qxe4 16. Bxe4 0-0-0 17. 0-0-0 Be8 18. Rde1 Bd6 19. Nc5 h6 20. gxh6 gxh6 21. f4 Rg8 22. f5 Bxc5 23. Bxc5 Bd7 24. f6 Rg4 25. Rhg1 Rdg8 26. Bf3 Rxg1 27. Rxg1 Rxg1+ 28. Bxg1 Ne5 29. Bh5 Bc6 30. Be3 Kd7 31. Bxh6 Bf3 32. Bxf3 Nxf3 33. h5 e5 34. a4 Ke6 35. Bg7 Kf5 36. h6 Ng5 37. b4 Ke4 38. Kd2 Nh7 39. Ke2 b5 40. axb5 axb5 41. Bh8 Kd5 42. Kd3 e4+ 43. Ke3 Kc4 44. Kd2 e3+ 45. Kc2 e2 46. Kd2 e1Q+ 47. Kxe1 Kxc3 48. Kd1 Kxb4 49. Kc2 Ka3 50. Kb1 Kb3 51. Bg7 b4 52. Bh8 Kc3 0-1

[Event "SEMI Dutch theme email"]
[Site "SEMI email"]
[Date "2000.??.??"]
[Round "2.2"]
[White "Jensen, John Oland"]
[Black "Viola, Matteo"]
[Result "0-1"]
[WhiteElo "1968"]
[BlackElo "2295"]
[PlyCount "60"]
[EventDate "2000.??.??"]
[EventType "tourn (corr)"]
[EventRounds "9"]
[EventCountry "ITA"]
[SourceTitle "Corr 2008"]
[Source "ChessBase"]
[SourceDate "2008.06.24"]
[SourceVersion "1"]
[SourceVersionDate "2008.06.24"]
[SourceQuality "1"]

1. d4 f5 2. g3 Nf6 3. Bg2 d6 4. Nf3 g6 5. 0-0 Bg7 6. c4 0-0 7. Nc3 Nc6 8. d5 Ne5 9. Nxe5 dxe5 10. e4 f4 11. Qb3 g5 12. c5 Kh8 13. Rd1 a6 14. Qb4 a5 15. Qa4 h5 16. c6 b6 17. b4 Ne8 18. b5 f3 19. Bh1 g4 20. Rd3 h4 21. gxh4 Bf6 22. Qc2 Bxh4 23. Rd1 Nd6 24. a4 Qe8 25. Nb1 Qh5 26. Be3 Kg7 27. Nd2 Rh8 28. Nf1 Nf7 29. Qc3 Bg5 30. Qd2 Qh6 0-1